| 000 | 00602nam a22001817a 4500 | ||
|---|---|---|---|
| 999 |
_c526541 _d526541 |
||
| 003 | NUST | ||
| 020 | _qPBK | ||
| 038 | _aFaiza | ||
| 082 |
_a891.49143 _bSAL |
||
| 100 |
_aShahjahanpuri, Abu Salman _917559 |
||
| 245 |
_aKitabiat e Lughat e Urdu / _cAbu Salman Shah jahanpuri |
||
| 260 |
_aIslamabad : _bMuqtadara Qoumi Zaban, _c1986. |
||
| 300 | _a180 p. ; | ||
| 880 |
_6100-01\r _aابو سلمان شاہجہانپوری |
||
| 880 |
_6245-02\r _aکتابیاتِ لغاتِ اُردُو / |
||
| 880 |
_6260-03\r _aاسلام آباد : _bمقتدرہ قومی زبان, _c۱۹۸۶. |
||
| 942 |
_2ddc _cBK |
||